| 000 | 00883nam0a22002411 4500 | ||
|---|---|---|---|
| 001 | v19\rc\1191517 | ||
| 005 | 20250620053855.0 | ||
| 035 | _a(NLR Aleph) 005194267 | ||
| 090 |
_a5244738 _c5244738 |
||
| 100 | _a20060306d1845 |||y0rusy50 ca | ||
| 101 | 0 | _arus | |
| 102 | _aRU | ||
| 105 | _ay b ||||| | ||
| 200 | 1 |
_aПубликация собственного издания И. Дациаро в магазине эстампов, находящийся в С.-Петербурге и Москве _e[Каталог] |
|
| 210 |
_aСанкт-Петербург _d1845 |
||
| 215 |
_a[16] с. _d27 |
||
| 710 | 0 | 0 |
_aДациаро, _gИ.Д., _hхудожественный магазин _cМосква |
| 801 | 0 |
_aRU _bNLR _c20060306 _gpsbo |
|
| 801 | 1 |
_aRU _bProSoft-M _c20060306 _2rusmarc |
|
| 801 | 2 |
_aRU _bNLR _c20060323 _2rusmarc |
|
| 852 |
_aNLR _j18.125.2.20 |
||
| 942 | _cBOOK | ||
| 980 | _aNB | ||